000 00846nam a2200229 a 4500
001 41113
003 BD-RjUL
005 20211209053330.0
008 160516s1987 bg ||||| |||| 00| 0 ben d
020 _c: TK 50.00
035 _a(BD-RjUL)41229
040 _aBD-RjUL
_bben
_cBD-RjUL
041 _aben
082 _223
_a954.03
_bUMB 1987
100 _aউমর, বদরুদ্দীন
_9116667
245 1 0 _aভারতীয় জাতীয় আন্দোলন /
_cবদরুদ্দীন উমর
260 _aঢাকা :
_bনওরোজ কিতাবিস্তান,
_c১৯৮৭
300 _a১৮৭ পৃ. ;
_c২১ সেমি.
650 _aNationalism
_xHistory
_z India -
_9126476
650 _aজাতীয়তা
_xইতিহাস
_zভারত
_9126477
942 _2ddc
_cBK
_01
999 _c41113
_d41113